| 000 | 00828nam a22002657a 4500 | ||
|---|---|---|---|
| 003 | OSt | ||
| 005 | 20251210053638.0 | ||
| 008 | 251210b |||||||| |||| 00| 0 eng d | ||
| 020 | _a0709715110 | ||
| 040 |
_aDWCL - Main _cOC |
||
| 082 | _aGR 608 In62 2002 | ||
| 100 |
_aVenturi, Bianca _eAuthor |
||
| 245 |
_aInventions and discoveries / _cBianca Venturi [and two others] |
||
| 250 | _aEnglish edition | ||
| 260 |
_aEngland: _bBrown Watson, _cc2002. |
||
| 300 |
_a47 p.; _bcol. ill.; _c31 cm. |
||
| 501 | _aEnglish translated from the Italian. | ||
| 504 | _aIncludes glossary. | ||
| 650 | _a1. Inventions -- History. | ||
| 650 | _a2. Readers -- Inventions. | ||
| 650 | _a3. Technology -- History. | ||
| 700 |
_aI. Spurgeon, Maureen _eEditor |
||
| 700 |
_aII. Monzini, Vittorino _eIllustrator |
||
| 942 |
_2ddc _cGR _n0 |
||
| 999 |
_c7019 _d7019 |
||